FISTULA operations : a colour atlas of rectovaginal and vesicovaginal fistula
Salvato in:
| Natura: | Libro |
|---|---|
| Lingua: | inglese |
| Pubblicazione: |
Jaypee Brothers Medical Publishers
2013
|
| Tags: |
Aggiungi Tag
Nessun Tag, puoi essere il primo ad aggiungerne!!
|
MARC
| LEADER | 00000nam a22000007a 4500 | ||
|---|---|---|---|
| 008 | 240104b |||||||| |||| 00| 0 eng d | ||
| 020 | |a 9789350902929 | ||
| 245 | |a FISTULA operations |b : a colour atlas of rectovaginal and vesicovaginal fistula |c /edited by Arun Nagrath, Narandia Malhota, Shipra Rajat Misra |e single surgical procedures in obstetrics & gynaecology |f 34 |g xv,202p;ill | ||
| 250 | |c Nagrath, Arun | ||
| 250 | |c Malhotra, Narendra | ||
| 250 | |c Misra, Shipra Rajat | ||
| 260 | |b Jaypee Brothers Medical Publishers |c 2013 |h New Delhi |i 701921 |i 701922 |l RG104.3.F52 |m Fistula, vesico-vaginal -surgery- Atlases |m Generative organs, Female-Surgery- Atlases |m Rectovaginal Fistula- Surgery-Atlases | ||
| 500 | |a it includes index | ||
| 942 | |a lcc |c BK |e Johnson |f 01/04/24 | ||
| 952 | |0 0 |1 0 |2 lcc |4 0 |6 RG01043 F52 |7 0 |9 4754 |a RF |b HOL |c QZ |d 2024-01-04 |l 0 |o RG104.3.F52 |p 2024-0008 |r 2024-01-04 00:00:00 |t 701921 |w 2024-01-04 |y BK | ||
| 952 | |0 0 |1 0 |2 lcc |4 0 |6 RG01043 F52 |7 0 |9 4755 |a RF |b HOL |c QZ |d 2024-01-04 |l 0 |o RG104.3.F52 |p 2024-0009 |r 2024-01-04 00:00:00 |t 701921 |w 2024-01-04 |y BK | ||
| 999 | |c 2382 |d 2382 | ||